banner koha

Aplicação de água residuária de suinocultura em solo cultivado com soja: cobre e zinco no material escoado e no solo (Registro n. 235724)

MARC details
000 -LÍDER
campo de controle de tamanho fixo 00903nas a2200289 4500
001 - NÚMERO DE CONTROLE
campo de controle BR2014001608
003 - IDENTIFICADOR DO NÚMERO DE CONTROLE
campo de controle BR-BrBNA
005 - DATA E HORÁRIO DA ÚLTIMA TRANSAÇÃO
campo de controle 20231205123805.0
007 - CAMPO FIXO DE DESCRIÇÃO FÍSICA--INFORMAÇÃO GERAL
campo de controle de tamanho fixo ta
008 - CAMPO DE DADOS FIXOS--INFORMAÇÃO GERAL
campo de controle de tamanho fixo 230509b bl.|||p| |||| 00| 00por d
040 ## - FONTE DA CATALOGAÇÃO
Instituição da catalogação original BR-BrBNA
Idioma da catalogação por
Instituição que transcreveu o registro Biblioteca Nacional de Agricultura
041 ## - CÓDIGO DE IDIOMA
Código do idioma do texto/trilha sonora ou título diferente (Pt)
072 ## - CÓDIGO DE CATEGORIA DE ASSUNTO
Código de Categoria de Assunto P35; F06; Q70
100 1# - ENTRADA PRINCIPAL--NOME PESSOAL
Nome pessoal Bosco, T.C. dal
100 1# - ENTRADA PRINCIPAL--NOME PESSOAL
Nome pessoal Sampaio, S.C.
100 1# - ENTRADA PRINCIPAL--NOME PESSOAL
Nome pessoal Opazo, M.A.U.
100 1# - ENTRADA PRINCIPAL--NOME PESSOAL
Nome pessoal Gomes, S.D.
100 1# - ENTRADA PRINCIPAL--NOME PESSOAL
Nome pessoal Nóbrega, L.H.P.
245 1# - TÍTULO
Título Aplicação de água residuária de suinocultura em solo cultivado com soja: cobre e zinco no material escoado e no solo
650 ## - ASSUNTO--TERMO TÓPICO
Cabeçalho tópico ou nome geográfico ESCOAMENTO
650 ## - ASSUNTO--TERMO TÓPICO
Cabeçalho tópico ou nome geográfico LIXIVIAÇÃO
650 ## - ASSUNTO--TERMO TÓPICO
Cabeçalho tópico ou nome geográfico ÍON
650 ## - ASSUNTO--TERMO TÓPICO
Cabeçalho tópico ou nome geográfico ÁGUAS RESIDUAIS
773 0# - ENTRADA ANALÍTICA
Título Engenharia Agrícola (Brazil)
ISSN - International Standard Serial Number ISSN 0100-6916
Partes relacionadas (Oct-Dec 2008), v. 28(4) p. 699-709
Número de controle do registro BR2014001608
909 ## -
-- 202311
-- Lúcia
-- 55
-- Lúcia Elande
942 ## - ELEMENTOS DE ENTRADA ADICIONADOS (KOHA)
Fonte da classificação ou esquema de arquivamento na estante Classificação AGRIS
Ocultar no OPAC Não
Tipo de material Koha Analítica
Exemplares
Situação do descarte Fonte da classificação ou esquema de arquivamento na estante Situação física Não pode ser emprestado Biblioteca de origem Biblioteca atual Localização na estante Enumeração do periódico / cronologia Total de empréstimos Data de último acesso Número do exemplar Tipo de material Koha Fonte de aquisição
  Classificação AGRIS   Consulta local Biblioteca Nacional de Agricultura - Binagri Biblioteca Nacional de Agricultura - Binagri   (Oct-Dec 2008), v. 28(4) p. 699-709   29/11/2023 01 Periódicos Portaria Interministerial nº 164/94

BINAGRI

Telefone: (61)3218-2567/2388/3357/2097 - binagri@agro.gov.br

Ministério da Agricultura e Pecuária , Esplanada dos Ministérios, Bloco D, Anexo B, Brasília/DF, CEP: 70.043-900